000
00270nam a2200109 a 4500
005
20140414131945.0
008
110128s19uu xx 00 eng d
050
_a
TR 372.7
_b
K87 2006
100
_a
Krech, Bob
245
_a
50 Fillin maths word problems.
999
_c
112659
_d
112659